00663 a2200181 4500001000700000003000400007005001700011008004100028082001600069100001800085245004200103260002900145300001000174690016300184942001200347999001300359952010900372066150OSt20210915104342.0  a519.2bL26A1 aLange,Kenneth1 aApplied probabilitycby Kenneth Large aNew YorkbSpringerc2008 a307p. aProbabilities; Stochastic processes; Statistics; Mathematical statistics; Biomathematics; Computer science; Computer science--Mathematics; Computer simulation 2ddccBK c335d335 00102ddc40708TXBaCURAJbCURAJd2012-03-07eSTTg595.00o519.2 L26Ap436r2024-11-21w2020-09-02yBK